Energy Management and Conservation Handbook / (Record no. 16411)
[ view plain ]
| 000 -LEADER | |
|---|---|
| fixed length control field | 01468cam a2200313 a 4500 |
| 001 - CONTROL NUMBER | |
| control field | 14819059 |
| 005 - DATE AND TIME OF LATEST TRANSACTION | |
| control field | 20100514141227.0 |
| 008 - FIXED-LENGTH DATA ELEMENTS--GENERAL INFORMATION | |
| fixed length control field | 070423s2008 fluab bf 001 0 eng |
| 020 ## - INTERNATIONAL STANDARD BOOK NUMBER | |
| International Standard Book Number | 142004429X (alk. paper) |
| 020 ## - INTERNATIONAL STANDARD BOOK NUMBER | |
| International Standard Book Number | 9781420044294 (alk. paper) |
| 040 ## - CATALOGING SOURCE | |
| Original cataloging agency | DLC |
| Transcribing agency | DLC |
| Modifying agency | BAKER |
| -- | BTCTA |
| -- | C#P |
| -- | UKM |
| -- | YDXCP |
| -- | DLC |
| 082 00 - DEWEY DECIMAL CLASSIFICATION NUMBER | |
| Classification number | 621.042 |
| Edition number | 22 |
| Item number | ENE |
| 245 00 - TITLE STATEMENT | |
| Title | Energy Management and Conservation Handbook / |
| Statement of responsibility, etc | edited by Frank Kreith, D. Yogi Goswami. |
| 260 ## - PUBLICATION, DISTRIBUTION, ETC. (IMPRINT) | |
| Place of publication, distribution, etc | Boca Raton : |
| Name of publisher, distributor, etc | CRC Press, |
| Date of publication, distribution, etc | c2008. |
| 300 ## - PHYSICAL DESCRIPTION | |
| Extent | 1 v. (various pagings) : |
| Other physical details | ill., map ; |
| Dimensions | 26 cm. |
| 490 1# - Series Statement | |
| Series statement | Mechanical engineering series |
| -- | 28689 |
| 504 ## - BIBLIOGRAPHY, ETC. NOTE | |
| Bibliography, etc | Includes bibliographical references and index. |
| 650 #0 - SUBJECT ADDED ENTRY--TOPICAL TERM | |
| Topical term or geographic name as entry element | Power resources |
| Form subdivision | Handbooks, manuals, etc. |
| 9 (RLIN) | 28690 |
| 650 #0 - SUBJECT ADDED ENTRY--TOPICAL TERM | |
| Topical term or geographic name as entry element | Energy conservation |
| Form subdivision | Handbooks, manuals, etc. |
| 9 (RLIN) | 28691 |
| 653 ## - INDEX TERM--UNCONTROLLED | |
| Resource For college | |
| Arrived date list | February2012 |
| 700 1# - ADDED ENTRY--PERSONAL NAME | |
| Personal name | Kreith, Frank. |
| 9 (RLIN) | 28692 |
| 700 1# - ADDED ENTRY--PERSONAL NAME | |
| Personal name | Goswami, D. Yogi. |
| 9 (RLIN) | 28693 |
| 830 #0 - SERIES ADDED ENTRY--UNIFORM TITLE | |
| Uniform title | Mechanical engineering series (Boca Raton, Fla.) |
| 9 (RLIN) | 28694 |
| 856 41 - ELECTRONIC LOCATION AND ACCESS | |
| Materials specified | Table of contents only |
| Uniform Resource Identifier | <a href="http://www.loc.gov/catdir/toc/ecip0716/2007016837.html">http://www.loc.gov/catdir/toc/ecip0716/2007016837.html</a> |
| 856 42 - ELECTRONIC LOCATION AND ACCESS | |
| Materials specified | Publisher description |
| Uniform Resource Identifier | <a href="http://www.loc.gov/catdir/enhancements/fy0713/2007016837-d.html">http://www.loc.gov/catdir/enhancements/fy0713/2007016837-d.html</a> |
| 942 ## - ADDED ENTRY ELEMENTS (KOHA) | |
| Source of classification or shelving scheme | Dewey Decimal Classification |
| Item type | Book - Borrowing |
| Withdrawn status | Item status | Source of classification or shelving scheme | Damaged status | Not for loan | Vendor | Home library | Current library | Shelving location | Date acquired | Source of acquisition | Cost, normal purchase price | Serial Enumeration / chronology | Total Checkouts | Full call number | Barcode | Date last seen | Koha item type |
|---|---|---|---|---|---|---|---|---|---|---|---|---|---|---|---|---|---|
| Dewey Decimal Classification | MERIC | Central Library | Central Library | First floor | 07/02/2012 | 844.00 | 13167 | 621.042 ENE | 000026014 | 15/07/2025 | Book - Borrowing |